000 00348 a2200157 4500
001 68095
020 _a9783193115591
040 _cAnchieta - Pituba
100 _aZschärlich, Renate
240 1 0 _aPaul, Lisa & Co A1.1
_ldeu / ger
245 1 0 _aPaul, Lisa & Co A1.1
300 _a92
362 0 _a2018
650 4 _aLíngua alemã
942 _cBK
999 _c68095
_d68095